[Event "Monarch Assurance Isle of Man 14th"]
[Site "Port Erin IOM"]
[Date "2005.10.02"]
[Round "9.8"]
[White "Mikhalevski, Victor"]
[Black "Klenburg, Mikhail"]
[Result "1/2-1/2"]
[WhiteElo "2572"]
[BlackElo "2400"]
[PlyCount "48"]
[EventDate "2005.09.24"]
[EventType "swiss"]
[EventRounds "9"]
[EventCountry "IOM"]

1. d4 d5 2. c4 dxc4 3. Nf3 Nf6 4. e3 b5 5. a4 b4 6. Bxc4 e6 7. a5 Be7 8. Qa4+
Bd7 9. Qc2 c5 10. dxc5 Nc6 11. Nd4 O-O 12. Nb3 Qb8 13. O-O Ne5 14. Be2 Bc6 15.
f3 Bb5 16. e4 Rc8 17. Be3 Nfd7 18. Rc1 Nxc5 19. Nxc5 Bxc5 20. Bxc5 Nd7 21. Qd1
Nxc5 22. Nd2 Bxe2 23. Qxe2 Qe5 24. Rc4 Nd7 1/2-1/2

[Event "Monarch Assurance Isle of Man 14th"]
[Site "Port Erin IOM"]
[Date "2005.10.02"]
[Round "9.9"]
[White "Malakhatko, Vadim"]
[Black "Brodsky, Michail"]
[Result "1/2-1/2"]
[WhiteElo "2556"]
[BlackElo "2554"]
[PlyCount "74"]
[EventDate "2005.09.24"]
[EventType "swiss"]
[EventRounds "9"]
[EventCountry "IOM"]

1. d4 Nf6 2. c4 e6 3. Nf3 b6 4. Nc3 Bb4 5. Bg5 Bb7 6. Nd2 h6 7. Bh4 O-O 8. e3
Be7 9. Be2 c5 10. Bf3 Nc6 11. dxc5 bxc5 12. O-O Rb8 13. Bg3 d6 14. Rc1 a6 15.
Qc2 Nb4 16. Qb1 Qb6 17. h3 Rfd8 18. Rfd1 Bxf3 19. Nxf3 Rb7 20. Rd2 Rbd7 21.
Rcd1 Qb7 22. Bh2 Nc6 23. Qc2 d5 24. cxd5 Nxd5 25. Ne5 Nxe5 26. Bxe5 Nb4 27.
Rxd7 Rxd7 28. Qb3 Rxd1+ 29. Qxd1 Nc6 30. Qf3 Qb6 31. Bg3 Bf6 32. Qe4 Qxb2 33.
Qxc6 Qxc3 34. Qxa6 c4 35. Kh2 Qc2 36. a4 c3 37. a5 Qa4 1/2-1/2

[Event "Monarch Assurance Isle of Man 14th"]
[Site "Port Erin IOM"]
[Date "2005.10.02"]
[Round "9.10"]
[White "Erenburg, Sergey"]
[Black "Greet, Andrew N"]
[Result "1-0"]
[WhiteElo "2595"]
[BlackElo "2425"]
[PlyCount "89"]
[EventDate "2005.09.24"]
[EventType "swiss"]
[EventRounds "9"]
[EventCountry "IOM"]

1. e4 e5 2. Nf3 Nc6 3. Bc4 Nf6 4. d3 Be7 5. O-O d6 6. a4 Be6 7. Nbd2 O-O 8. Re1
Nd7 9. c3 Bxc4 10. Nxc4 f5 11. exf5 Rxf5 12. Ne3 Rf7 13. Nd5 h6 14. d4 Bf8 15.
Qb3 Na5 16. Qa2 exd4 17. Nxd4 c6 18. Ne3 c5 19. Nf3 Nf6 20. b4 Nc6 21. Ba3 b6
22. Rad1 Qc7 23. b5 Ne7 24. c4 Ne4 25. Qc2 Qb7 26. Nd5 Nxd5 27. Rxd5 Nf6 28.
Rdd1 a6 29. Bb2 axb5 30. Bxf6 Rxf6 31. axb5 Qa7 32. h3 Qa2 33. Qe4 Ra4 34. Qd5+
Kh7 35. Re4 Qc2 36. Rde1 Ra2 37. R4e2 Qb3 38. Nd2 Qa3 39. Ne4 Rg6 40. Re3 Qa8
41. Qf5 Ra1 42. h4 Rxe1+ 43. Rxe1 h5 44. Ng5+ Kh6 45. Re6 1-0

[Event "Monarch Assurance Isle of Man 14th"]
[Site "Port Erin IOM"]
[Date "2005.10.02"]
[Round "9.11"]
[White "Kunin, Vitaly"]
[Black "Fridman, Daniel"]
[Result "1/2-1/2"]
[WhiteElo "2448"]
[BlackElo "2566"]
[PlyCount "97"]
[EventDate "2005.09.24"]
[EventType "swiss"]
[EventRounds "9"]
[EventCountry "IOM"]

1. d4 d5 2. c4 e6 3. Nc3 c6 4. e3 Nf6 5. Nf3 a6 6. Qc2 c5 7. cxd5 exd5 8. Be2
Nc6 9. O-O Be6 10. dxc5 Bxc5 11. Rd1 Ba7 12. b3 O-O 13. Bb2 Rc8 14. Rac1 Qe7
15. Qd2 Rfd8 16. Qe1 h6 17. Nb1 Bf5 18. Nbd2 Nb4 19. Rxc8 Rxc8 20. Nf1 Nxa2 21.
Qa5 Nb4 22. Bxf6 gxf6 23. Ng3 Bc2 24. Rf1 Qc5 25. Qa3 Qc3 26. Nd4 Bxd4 27. exd4
Qxd4 28. Qc1 Kh7 29. Bd1 a5 30. Bxc2+ Rxc2 31. Qe1 Qe5 32. Qd1 Qg5 33. Qd4 Rc6
34. Qa7 Rc1 35. Qxb7 Rxf1+ 36. Nxf1 Kg7 37. Qb6 Nd3 38. Qxa5 Nf4 39. Ng3 Qe5
40. Qd2 Kg8 41. b4 d4 42. h4 Ne6 43. Qe2 d3 44. Qxd3 Qe1+ 45. Nf1 Qxb4 46. g3
Nd4 47. Qe4 f5 48. Qe8+ Kg7 49. Qe5+ 1/2-1/2

[Event "Monarch Assurance Isle of Man 14th"]
[Site "Port Erin IOM"]
[Date "2005.10.02"]
[Round "9.12"]
[White "Palliser, Richard"]
[Black "Yakovich, Yuri"]
[Result "0-1"]
[WhiteElo "2389"]
[BlackElo "2560"]
[PlyCount "57"]
[EventDate "2005.09.24"]
[EventType "swiss"]
[EventRounds "9"]
[EventCountry "IOM"]

1. d4 Nf6 2. Nf3 e6 3. c4 b6 4. g3 Ba6 5. Nbd2 c5 6. Bg2 Nc6 7. dxc5 bxc5 8.
O-O Qc7 9. b3 Be7 10. Bb2 O-O 11. Re1 d6 12. Qc2 h6 13. Rad1 Bb7 14. h3 Rfd8
15. Nf1 Nb4 16. Qd2 Ne4 17. Qc1 a5 18. Ne3 Bf6 19. Bxf6 Nxf6 20. a3 Nc6 21. Ng4
Ne8 22. a4 Rab8 23. e4 Qe7 24. Qc3 Nf6 25. e5 Nxg4 26. hxg4 dxe5 27. Rxd8+ Qxd8
28. Nxe5 Nd4 29. Qe3 0-1

[Event "Monarch Assurance Isle of Man 14th"]
[Site "Port Erin IOM"]
[Date "2005.10.02"]
[Round "9.13"]
[White "Gupta, Abhijeet"]
[Black "Ulibin, Mikhail"]
[Result "1/2-1/2"]
[WhiteElo "2380"]
[BlackElo "2529"]
[PlyCount "128"]
[EventDate "2005.09.24"]
[EventType "swiss"]
[EventRounds "9"]
[EventCountry "IOM"]

1. d4 e6 2. c4 f5 3. g3 Nf6 4. Bg2 c6 5. Qc2 d5 6. Nh3 Bd6 7. O-O O-O 8. Bf4
Be7 9. Nd2 Nh5 10. Nf3 Nd7 11. Bg5 Bxg5 12. Nfxg5 Nb6 13. Bf3 Qe8 14. c5 Nd7
15. g4 h6 16. gxh5 hxg5 17. Nxg5 e5 18. dxe5 Qe7 19. h4 Nxe5 20. Kh1 b6 21. Rg1
Qxc5 22. Qxc5 bxc5 23. h6 Rf6 24. h7+ Kh8 25. b3 f4 26. Rgc1 c4 27. bxc4 Nxc4
28. Rab1 Bf5 29. Rb7 Bxh7 30. Re7 Bf5 31. Rg1 a5 32. Bg4 Nd6 33. Bxf5 Nxf5 34.
Rc7 Re8 35. h5 Kg8 36. Rb1 Rh6 37. Kg2 Rxh5 38. Nh3 Rh4 39. Rxc6 Nd4 40. Rg6
f3+ 41. exf3 Nf5 42. Rg5 Rf8 43. Rb5 Ra4 44. Rxd5 Nh4+ 45. Kf1 Nxf3 46. Rg3
Rxa2 47. Rd7 Ra1+ 48. Kg2 Nh4+ 49. Kh2 Nf3+ 50. Kg2 Nh4+ 51. Kh2 Nf5 52. Rg4
Ra2 53. Ra7 Rf6 54. Ra8+ Rf8 55. Ra7 Ra3 56. Kg2 Rf7 57. Ra8+ Rf8 58. Ra7 Rd8
59. Ng5 Ra2 60. Rf4 Rf8 61. Ne6 Rf6 62. Rxg7+ Nxg7 63. Rxf6 Nxe6 64. Rxe6 Kf7
1/2-1/2

[Event "Monarch Assurance Isle of Man 14th"]
[Site "Port Erin IOM"]
[Date "2005.10.02"]
[Round "9.14"]
[White "Tiviakov, Sergei"]
[Black "Gladyszev, Oleg"]
[Result "1-0"]
[WhiteElo "2678"]
[BlackElo "2436"]
[PlyCount "71"]
[EventDate "2005.09.24"]
[EventType "swiss"]
[EventRounds "9"]
[EventCountry "IOM"]

1. e4 c5 2. Nf3 Nc6 3. c3 Nf6 4. e5 Nd5 5. Bc4 Nb6 6. Bb3 c4 7. Bc2 Qc7 8. Qe2
g5 9. h3 Bg7 10. O-O Nxe5 11. Nxg5 d5 12. a4 Bd7 13. a5 Nc8 14. Nf3 Ng6 15. d4
cxd3 16. Bxd3 e5 17. a6 b6 18. c4 dxc4 19. Be4 Rb8 20. Nc3 Nce7 21. Nd5 Nxd5
22. Bxd5 Bc6 23. Qxc4 Rc8 24. Be3 Bxd5 25. Qxd5 O-O 26. Rfc1 Qe7 27. Qb7 Rxc1+
28. Rxc1 e4 29. Nd4 Bxd4 30. Bxd4 Rd8 31. Rc8 Rxc8 32. Qxc8+ Nf8 33. Qb8 f5 34.
Bxb6 axb6 35. a7 e3 36. a8=Q 1-0

[Event "Monarch Assurance Isle of Man 14th"]
[Site "Port Erin IOM"]
[Date "2005.10.02"]
[Round "9.15"]
[White "Roeder, Mathias"]
[Black "Ghaem Maghami, Ehsan"]
[Result "0-1"]
[WhiteElo "2393"]
[BlackElo "2603"]
[PlyCount "110"]
[EventDate "2005.09.24"]
[EventType "swiss"]
[EventRounds "9"]
[EventCountry "IOM"]

1. Nf3 Nf6 2. c4 e6 3. d4 Bb4+ 4. Bd2 Qe7 5. g3 O-O 6. Bg2 Bxd2+ 7. Qxd2 d6 8.
Nc3 e5 9. h3 Re8 10. e4 a6 11. d5 c5 12. a4 Nbd7 13. a5 b5 14. axb6 Nxb6 15. b3
a5 16. Nh4 g6 17. O-O Bd7 18. Qc2 a4 19. Nxa4 Nxa4 20. bxa4 Ra5 21. Qc3 Rea8
22. f4 exf4 23. Rxf4 Nh5 24. Rf2 Rxa4 25. Rxa4 Rxa4 26. g4 Qxh4 27. gxh5 f5 28.
Qb2 {(=)} Rb4 29. Qa1 Rxc4 30. Qa8+ Kf7 31. Qh8 Rc1+ 32. Rf1 Rxf1+ 33. Bxf1
Qg5+ 34. Kh1 Qxh5 35. Qd8 Qf3+ 36. Bg2 Qd1+ 37. Kh2 Qa4 38. e5 dxe5 39. d6 e4
40. Qe7+ Kg8 41. Bf1 Qa2+ 42. Kg1 Qe6 43. Bc4 Qxc4 44. Qxd7 Qd4+ 45. Kg2 Qd2+
46. Kh1 Qe1+ 47. Kg2 e3 48. Qe8+ Kg7 49. Qe7+ Kh6 50. h4 Qd2+ 51. Kh3 e2 52. d7
e1=Q 53. Qxe1 Qxe1 54. d8=Q Qe3+ 55. Kg2 c4 0-1

[Event "Monarch Assurance Isle of Man 14th"]
[Site "Port Erin IOM"]
[Date "2005.10.02"]
[Round "9.16"]
[White "Kogan, Artur"]
[Black "Sareen, Vishal"]
[Result "1/2-1/2"]
[WhiteElo "2580"]
[BlackElo "2385"]
[PlyCount "120"]
[EventDate "2005.09.24"]
[EventType "swiss"]
[EventRounds "9"]
[EventCountry "IOM"]

1. e4 c5 2. Nf3 d6 3. d4 cxd4 4. Nxd4 Nf6 5. Nc3 Nc6 6. Bc4 e6 7. Be3 a6 8. Qe2
Qc7 9. Bb3 Na5 10. g4 b5 11. g5 Nd7 12. O-O-O Nc5 13. Rhe1 b4 14. Nd5 exd5 15.
Bxd5 Bb7 16. Nf5 O-O-O 17. Bd4 Ne6 18. Qg4 Kb8 19. Ne3 Be7 20. f4 Rhe8 21. Kb1
Bf8 22. f5 Nc5 23. a3 bxa3 24. b4 Nxe4 25. bxa5 Nc3+ 26. Bxc3 Qxc3 27. Qd4 Qxd4
28. Rxd4 Bxd5 29. Rxd5 Re4 30. Ka2 Rde8 31. Rb1+ Kc7 32. Nf1 R8e5 33. Rd3 Rxa5
34. Ne3 Kc6 35. Rb8 Be7 36. Rc8+ Kd7 37. Ra8 Bxg5 38. Nd5 Re5 39. Nb6+ Kc6 40.
Nc4 Rxf5 41. Nxa5+ Rxa5 42. Ra7 Rc5 43. Kb3 Bf4 44. Rf3 Kb6 45. Rxf7 Be5 46. h3
a2 47. Kxa2 Rxc2+ 48. Kb3 Rb2+ 49. Kc4 a5 50. Rf8 Rb4+ 51. Kd5 Rb5+ 52. Ke4 a4
53. Ra3 Rb4+ 54. Kd5 Rd4+ 55. Ke6 Rh4 56. Ra8 Kb5 57. Rb8+ Kc5 58. Ra8 Kb5 59.
Rb8+ Kc5 60. Ra8 Kb5 1/2-1/2

[Event "Monarch Assurance Isle of Man 14th"]
[Site "Port Erin IOM"]
[Date "2005.10.02"]
[Round "9.17"]
[White "Postny, Evgeny"]
[Black "Mannion, Stephen"]
[Result "1-0"]
[WhiteElo "2559"]
[BlackElo "2331"]
[PlyCount "55"]
[EventDate "2005.09.24"]
[EventType "swiss"]
[EventRounds "9"]
[EventCountry "IOM"]

1. c4 Nf6 2. d4 c5 3. d5 b5 4. cxb5 a6 5. f3 axb5 6. e4 Qa5+ 7. Bd2 b4 8. Na3
d6 9. Nc4 Qd8 10. Bd3 e6 11. dxe6 Bxe6 12. Ne2 d5 13. exd5 Nxd5 14. O-O Be7 15.
Qc2 Nc6 16. Be4 Rc8 17. Rfd1 Nd4 18. Nxd4 cxd4 19. Qa4+ Kf8 20. Ne5 Nb6 21. Qa6
Bd6 22. Nc6 Qh4 23. g3 Bxg3 24. Bxb4+ Ke8 25. Qe2 f5 26. Nxd4 fxe4 27. Nxe6
exf3 28. Nc7+ 1-0

[Event "Monarch Assurance Isle of Man 14th"]
[Site "Port Erin IOM"]
[Date "2005.10.02"]
[Round "9.18"]
[White "Zatonskih, Anna"]
[Black "Sulskis, Sarunas"]
[Result "1/2-1/2"]
[WhiteElo "2435"]
[BlackElo "2535"]
[PlyCount "108"]
[EventDate "2005.09.24"]
[EventType "swiss"]
[EventRounds "9"]
[EventCountry "IOM"]

1. e4 e5 2. Nf3 Nc6 3. Bb5 Nd4 4. Nxd4 exd4 5. Bc4 g6 6. c3 Bg7 7. Qb3 Nh6 8.
O-O O-O 9. cxd4 Bxd4 10. Qg3 d5 11. Bxd5 Nf5 12. Qf3 Ne7 13. Bb3 Nc6 14. Nc3 h5
15. Qg3 Ne5 16. h4 Be6 17. Kh1 Bxb3 18. axb3 Re8 19. d3 Bxc3 20. bxc3 Qxd3 21.
Bf4 Qxg3 22. Bxg3 Nd3 23. f3 Re7 24. Rfd1 Rd7 25. Kg1 c6 26. Bf2 a6 27. Kf1 Kf8
28. Bd4 Nf4 29. Be5 Nd3 30. Bd4 Nf4 31. Bb6 Rxd1+ 32. Rxd1 Ke7 33. Kf2 a5 34.
Ra1 Ra6 35. Be3 Ne6 36. c4 b5 37. cxb5 cxb5 38. Ke2 f5 39. exf5 gxf5 40. Kd3
Kd7 41. g4 fxg4 42. fxg4 hxg4 43. h5 a4 44. h6 Nf8 45. bxa4 bxa4 46. Rh1 Nh7
47. Rg1 a3 48. Rxg4 a2 49. Bd4 Rxh6 50. Rg2 Ra6 51. Rg7+ Ke8 52. Rxh7 a1=Q 53.
Bxa1 Rxa1 54. Rb7 Ra4 1/2-1/2

[Event "Monarch Assurance Isle of Man 14th"]
[Site "Port Erin IOM"]
[Date "2005.10.02"]
[Round "9.19"]
[White "Adly, Ahmed"]
[Black "Radovanovic, Jovica"]
[Result "1/2-1/2"]
[WhiteElo "2503"]
[BlackElo "2357"]
[PlyCount "145"]
[EventDate "2005.09.24"]
[EventType "swiss"]
[EventRounds "9"]
[EventCountry "IOM"]

1. d4 Nf6 2. Nf3 g6 3. c4 Bg7 4. g3 d6 5. Bg2 O-O 6. O-O Nbd7 7. Nc3 e5 8. e4
c6 9. b3 Re8 10. Re1 exd4 11. Nxd4 Ng4 12. h3 Qf6 13. Qxg4 Qxd4 14. Bb2 Nc5 15.
Qe2 Qd3 16. Rad1 Qxe2 17. Rxe2 a5 18. Ba1 Be6 19. Red2 Bf8 20. Ne2 f5 21. exf5
Bxf5 22. Nd4 Bh6 23. f4 Bd7 24. Kf2 Ne4+ 25. Bxe4 Rxe4 26. Nf3 Rae8 27. Bd4 Bc8
28. a4 Bg7 29. Re1 Rxe1 30. Nxe1 Bf8 31. h4 Be6 32. Rc2 Kf7 33. Nf3 h6 34. Bb6
Ra8 35. Rd2 c5 36. Bc7 Ra6 37. Ke3 Ke8 38. Ke4 Bf5+ 39. Ke3 Kd7 40. g4 Be6 41.
Bxa5 {(=)} Rxa5 42. Ne5+ Ke8 43. Nxg6 Bxg4 44. Nxf8 Kxf8 45. Rxd6 Ra6 46. Rd5
Re6+ 47. Kd2 Rc6 48. a5 Ke7 49. Kc3 Bf3 50. Re5+ Kd7 51. Re3 Bh5 52. Re5 Bf7
53. Rf5 Be8 54. Rd5+ Kc7 55. Rf5 Bd7 56. Rd5 Bc8 57. f5 b6 58. axb6+ Kxb6 59.
Kd3 Rf6 60. Ke4 Kc6 61. Kf4 Rf7 62. Kg4 Rd7 63. Kh5 Rxd5 64. cxd5+ Kxd5 65. f6
Be6 66. Kxh6 Bf7 67. h5 Ke5 68. Kg7 Bxh5 69. f7 Bxf7 70. Kxf7 Kd4 71. Ke6 Kc3
72. Kd5 Kxb3 73. Kxc5 1/2-1/2

[Event "Monarch Assurance Isle of Man 14th"]
[Site "Port Erin IOM"]
[Date "2005.10.02"]
[Round "9.20"]
[White "Negi, Parimarjan"]
[Black "Howell, David W"]
[Result "0-1"]
[WhiteElo "2376"]
[BlackElo "2471"]
[PlyCount "156"]
[EventDate "2005.09.24"]
[EventType "swiss"]
[EventRounds "9"]
[EventCountry "IOM"]

1. e4 e5 2. Nf3 Nc6 3. Bb5 a6 4. Ba4 Nf6 5. O-O Be7 6. Re1 b5 7. Bb3 O-O 8. d4
d6 9. c3 Bg4 10. d5 Na5 11. Bc2 c6 12. h3 Bxf3 13. Qxf3 cxd5 14. exd5 Nc4 15.
Nd2 Nb6 16. Nf1 Qc7 17. Ng3 g6 18. Bh6 Rfb8 19. Nf5 Bd8 20. Rac1 a5 21. h4 Nbd7
22. Ng3 Qc4 23. h5 Qh4 24. Bd1 Bb6 25. Ne4 Nxe4 26. Rxe4 Qf6 27. Qg3 Qf5 28.
hxg6 fxg6 29. Rh4 Nf6 30. Bc2 e4 31. Be3 Bxe3 32. fxe3 Rf8 33. Qxd6 Nxd5 34.
Qxd5+ Qxd5 35. Bb3 Qxb3 36. axb3 Rad8 37. Rxe4 Rd2 38. Rf4 Rxb2 39. Rxf8+ Kxf8
40. Ra1 b4 41. cxb4 axb4 42. Ra7 Rxb3 43. Rb7 h5 44. e4 h4 45. Kh2 Ke8 46. e5
Kd8 47. e6 Ke8 48. Rh7 g5 49. Rb7 g4 50. Rg7 Rg3 51. Rh7 Re3 52. Rxh4 Re4 53.
Kg3 Ke7 54. Rh6 Kd6 55. Rg6 Rxe6 56. Rxg4 Kc5 57. Rg8 b3 58. Rh8 Re4 59. Rh1
Kb4 60. Kf3 Rc4 61. g4 b2 62. Rb1 Kb3 63. Kg3 Ka2 64. Rh1 b1=Q 65. Rxb1 Kxb1
66. Kh4 Kc2 67. Kg5 Kd3 68. Kf5 Rc5+ 69. Kf4 Kd4 70. g5 Kd5 71. Kf5 Kd6+ 72.
Kf6 Rc1 73. g6 Rf1+ 74. Kg7 Ke7 75. Kh8 Kf6 76. g7 Rh1+ 77. Kg8 Rg1 78. Kh8 Kf7
0-1

[Event "Monarch Assurance Isle of Man 14th"]
[Site "Port Erin IOM"]
[Date "2005.10.02"]
[Round "9.21"]
[White "Peek, Marcel"]
[Black "Neelotpal, Das"]
[Result "1/2-1/2"]
[WhiteElo "2373"]
[BlackElo "2467"]
[PlyCount "44"]
[EventDate "2005.09.24"]
[EventType "swiss"]
[EventRounds "9"]
[EventCountry "IOM"]

1. d4 d5 2. c4 c6 3. Nf3 Nf6 4. Nc3 dxc4 5. a4 Bf5 6. Nh4 Bd7 7. e4 e6 8. Nf3
b5 9. Bg5 Be7 10. Be2 b4 11. Bxf6 Bxf6 12. Nb1 c5 13. Bxc4 cxd4 14. e5 Be7 15.
Qxd4 {(=)} O-O 16. Nbd2 Bc6 17. Qg4 Nd7 18. O-O Nc5 19. b3 Qb6 20. Nd4 Bb7 21.
a5 Qc7 22. a6 Bc6 1/2-1/2

[Event "Monarch Assurance Isle of Man 14th"]
[Site "Port Erin IOM"]
[Date "2005.10.02"]
[Round "9.22"]
[White "Kononenko, Tatiana"]
[Black "Zimmerman, Yuri"]
[Result "1/2-1/2"]
[WhiteElo "2442"]
[BlackElo "2375"]
[PlyCount "49"]
[EventDate "2005.09.24"]
[EventType "swiss"]
[EventRounds "9"]
[EventCountry "IOM"]

1. d4 Nf6 2. c4 g6 3. Nc3 Bg7 4. e4 d6 5. f3 O-O 6. Be3 Nc6 7. Nge2 a6 8. Qd2
Rb8 9. Rc1 Nd7 10. Nd1 e5 11. d5 Ne7 12. Nf2 f5 13. g3 Kh8 14. b4 Ng8 15. Bg2
Ndf6 16. O-O Rf7 17. h3 Qf8 18. Kh2 Bd7 19. f4 Nxe4 20. Nxe4 fxe4 21. fxe5 Bxe5
22. Bd4 Re8 23. Rxf7 Qxf7 24. Bxe4 Qg7 25. Bg2 1/2-1/2

[Event "Monarch Assurance Isle of Man 14th"]
[Site "Port Erin IOM"]
[Date "2005.10.02"]
[Round "9.23"]
[White "Sundararajan, Kidambi"]
[Black "Hanley, Craig A"]
[Result "0-1"]
[WhiteElo "2484"]
[BlackElo "2367"]
[PlyCount "146"]
[EventDate "2005.09.24"]
[EventType "swiss"]
[EventRounds "9"]
[EventCountry "IOM"]

1. d4 Nf6 2. Nf3 g6 3. Bg5 Bg7 4. Nbd2 d5 5. e3 O-O 6. Be2 c5 7. c3 Qb6 8. Qb3
Nc6 9. O-O Be6 10. dxc5 Qxc5 11. Nd4 Bc8 12. Rac1 e5 13. Nxc6 bxc6 14. c4 Qa5
15. Nf3 Be6 16. cxd5 Nxd5 17. Rxc6 Nf4 18. Bc4 Ne2+ 19. Kh1 e4 20. Bxe6 exf3
21. Qd5 fxg2+ 22. Kxg2 Qb4 23. Rc4 Qb8 24. Bd7 Qxb2 25. Be7 Nc3 26. Qc6 Rfb8
27. Bd6 Rd8 28. Bc7 Qxa2 29. Bxd8 Rxd8 30. Rc1 Qd2 31. R1xc3 Bxc3 32. Be8 Be5
33. Re4 Qd5 34. Qxd5 Rxd5 35. Ra4 a5 36. Rc4 Rd8 37. Bc6 Rd2 38. Be4 f5 39. Rc2
Rd7 40. Bc6 Re7 41. Rc5 Bc7 42. Rd5 Re6 43. Bb5 Re4 44. Rd7 Rg4+ 45. Kh1 Bb6
46. Rb7 Bc5 47. Rc7 Bd6 48. Rd7 Bb4 49. Be2 Re4 50. Bd3 Re5 51. Bc4+ Kh8 52.
Bb3 Be7 53. Kg2 Re4 54. Bd5 Rg4+ 55. Kf3 Bc5 56. e4 g5 57. exf5 Rf4+ 58. Kg2
Rxf2+ 59. Kg3 Rxf5 60. Rxh7+ Kxh7 61. Be4 Bd6+ 62. Kg4 Bxh2 63. Kxf5 Bf4 64.
Bc2 Bc1 65. Kf6+ Kh6 66. Bd1 Bb2+ 67. Kf5 Bc3 68. Bc2 Kh5 69. Bd1+ Kh4 70. Ke4
g4 71. Kf4 Bd2+ 72. Ke4 Bc1 73. Kd3 Kh3 0-1

[Event "Monarch Assurance Isle of Man 14th"]
[Site "Port Erin IOM"]
[Date "2005.10.02"]
[Round "9.24"]
[White "Cox, John"]
[Black "Aagaard, Jacob"]
[Result "1/2-1/2"]
[WhiteElo "2385"]
[BlackElo "2442"]
[PlyCount "92"]
[EventDate "2005.09.24"]
[EventType "swiss"]
[EventRounds "9"]
[EventCountry "IOM"]

1. d4 Nf6 2. c4 e6 3. Nc3 Bb4 4. f3 d5 5. a3 Bxc3+ 6. bxc3 c5 7. cxd5 Nxd5 8.
dxc5 Qa5 9. e4 Ne7 10. Be3 O-O 11. Qb3 Qc7 12. Nh3 Nd7 13. Nf2 Nxc5 14. Qc4 b6
15. Bxc5 bxc5 16. Nd3 Nc6 17. Qxc5 Ba6 18. Nb4 Bxf1 19. Nxc6 Rfc8 20. Rxf1 Qxc6
21. Qxc6 Rxc6 22. Rc1 Rb8 23. Kf2 Rb2+ 24. Kg1 g5 25. Rfd1 Ra2 26. Ra1 Rxa1 27.
Rxa1 Rxc3 28. Ra2 a5 29. a4 h6 30. Kf2 Kg7 31. Kg3 Kg6 32. h4 Rc4 33. hxg5 hxg5
34. Kf2 Kf6 35. Ke3 Rb4 36. Rc2 Rxa4 37. Rc7 Ra1 38. Kf2 a4 39. Ra7 a3 40. Kg3
Ra2 41. Ra5 Kg6 42. Kh3 f6 43. g3 Kf7 44. Ra7+ Ke8 45. Kg4 Ra1 46. e5 fxe5
1/2-1/2

[Event "Monarch Assurance Isle of Man 14th"]
[Site "Port Erin IOM"]
[Date "2005.10.02"]
[Round "9.25"]
[White "Zude, Erik"]
[Black "Mirzoeva, Elmira"]
[Result "1/2-1/2"]
[WhiteElo "2424"]
[BlackElo "2223"]
[PlyCount "97"]
[EventDate "2005.09.24"]
[EventType "swiss"]
[EventRounds "9"]
[EventCountry "IOM"]

1. Nf3 Nf6 2. c4 e6 3. g3 b6 4. Bg2 Bb7 5. O-O c5 6. b3 Be7 7. Bb2 O-O 8. Nc3
d5 9. e3 Nc6 10. Qe2 d4 11. exd4 cxd4 12. Nb5 d3 13. Qe3 Nb4 14. Rad1 Nxa2 15.
Ne5 Bxg2 16. Kxg2 Nb4 17. Qf3 Nd7 18. Nxd3 Nxd3 19. Qxd3 Nc5 20. Qf3 Qd3 21.
Qxd3 Nxd3 22. Bd4 e5 23. Be3 f5 24. f3 f4 25. Bg1 Bc5 26. Ra1 Bxg1 27. Kxg1 a5
28. Nc7 Rac8 29. Nd5 Rb8 30. Kg2 g5 31. g4 Kg7 32. h4 gxh4 33. Rh1 b5 34. cxb5
Rxb5 35. Nc7 Rb6 36. Rxa5 Rc8 37. Ra7 Rcb8 38. Rha1 R8b7 39. Kh3 Rxb3 40. Kxh4
Nc5 41. Kg5 e4 42. Ne8+ Kf8 43. Nd6 Rxa7 44. Rxa7 exf3 45. Kf6 Rb8 46. Rxh7 Kg8
47. Rg7+ Kf8 48. Rf7+ Kg8 49. Rg7+ 1/2-1/2

[Event "Monarch Assurance Isle of Man 14th"]
[Site "Port Erin IOM"]
[Date "2005.10.02"]
[Round "9.26"]
[White "Kolbus, Dietmar"]
[Black "Spence, David J"]
[Result "1-0"]
[WhiteElo "2416"]
[BlackElo "2218"]
[PlyCount "85"]
[EventDate "2005.09.24"]
[EventType "swiss"]
[EventRounds "9"]
[EventCountry "IOM"]

1. c4 Nf6 2. Nc3 b6 3. e4 d6 4. d4 Bb7 5. Bd3 e6 6. Nf3 c5 7. d5 Nbd7 8. O-O
Be7 9. Re1 e5 10. a3 h6 11. b4 g5 12. Nd2 Nf8 13. Bc2 Ng6 14. Ba4+ Kf8 15. Bc6
Bxc6 16. dxc6 Qc8 17. b5 Nf4 18. Nf1 a5 19. Ne3 Qe6 20. Ra2 Ke8 21. Ncd5 N6xd5
22. cxd5 Qc8 23. Nf5 Bf8 24. Bxf4 gxf4 25. g3 Rg8 26. Kh1 fxg3 27. hxg3 Qd8 28.
Kg2 Qg5 29. Rh1 Ra7 30. a4 f6 31. Rh4 Rh7 32. Qh1 Kd8 33. Rc2 Kc7 34. Qh3 Qg6
35. Rc1 h5 36. Rh1 Rgh8 37. Kf3 Qg5 38. Ke2 Qg6 39. g4 Qg5 40. Rxh5 Rxh5 41.
gxh5 Rh7 42. h6 Qg6 43. Qg3 1-0

[Event "Monarch Assurance Isle of Man 14th"]
[Site "Port Erin IOM"]
[Date "2005.10.02"]
[Round "9.27"]
[White "Hughes, Howard R"]
[Black "Bobras, Piotr"]
[Result "1-0"]
[WhiteElo "2194"]
[BlackElo "2525"]
[PlyCount "63"]
[EventDate "2005.09.24"]
[EventType "swiss"]
[EventRounds "9"]
[EventCountry "IOM"]

1. e4 c5 2. d4 cxd4 3. c3 Nf6 4. e5 Nd5 5. Nf3 Nc6 6. Bc4 Nb6 7. Bb3 d5 8. exd6
Qxd6 9. O-O Be6 10. Na3 dxc3 11. Nb5 Qxd1 12. Rxd1 Rc8 13. Bxe6 fxe6 14. bxc3
g6 15. Ng5 a6 16. Nd4 Nxd4 17. cxd4 Rc6 18. Bb2 Nd5 19. Re1 Bg7 20. Nxe6 Bf6
21. Rac1 Rxc1 22. Bxc1 b6 23. g4 Kd7 24. g5 Re8 25. Nf4 Nxf4 26. Bxf4 Bg7 27.
d5 Rf8 28. Be5 Bxe5 29. Rxe5 Rf5 30. Rxf5 gxf5 31. h4 Ke8 32. f4 1-0

[Event "Monarch Assurance Isle of Man 14th"]
[Site "Port Erin IOM"]
[Date "2005.10.02"]
[Round "9.28"]
[White "Dworakowska, Joanna"]
[Black "Kirschbaum, Gunnar"]
[Result "1-0"]
[WhiteElo "2401"]
[BlackElo "2204"]
[PlyCount "57"]
[EventDate "2005.09.24"]
[EventType "swiss"]
[EventRounds "9"]
[EventCountry "IOM"]

1. e4 d6 2. d4 Nf6 3. Nc3 g6 4. f4 Bg7 5. Nf3 c5 6. Bb5+ Bd7 7. Bxd7+ Nfxd7 8.
d5 Qa5 9. O-O b5 10. Qe1 b4 11. Nd1 Qc7 12. Ne3 a5 13. a3 Ra7 14. h4 c4 15.
axb4 c3 16. bxc3 Qxc3 17. Rxa5 Rxa5 18. Bd2 Qc7 19. bxa5 O-O 20. h5 Nc5 21.
hxg6 fxg6 22. Ng5 h6 23. Ne6 Nxe6 24. dxe6 Bd4 25. Kh1 Bxe3 26. Bxe3 Qc4 27.
Rf3 Qxe6 28. Rh3 Kh7 29. Rxh6+ 1-0

[Event "Monarch Assurance Isle of Man 14th"]
[Site "Port Erin IOM"]
[Date "2005.10.02"]
[Round "9.29"]
[White "Bosboom-Lanchava, T."]
[Black "Goodger, Martyn"]
[Result "1-0"]
[WhiteElo "2363"]
[BlackElo "2162"]
[PlyCount "67"]
[EventDate "2005.09.24"]
[EventType "swiss"]
[EventRounds "9"]
[EventCountry "IOM"]

1. d4 f5 2. Nf3 Nf6 3. c4 g6 4. g3 Bg7 5. Nc3 d6 6. b4 O-O 7. Bb2 c6 8. Bg2 Qe8
9. d5 Na6 10. dxc6 Nxb4 11. Nb5 Qxc6 12. O-O Qxc4 13. Na3 Qd5 14. Qa4 Nc6 15.
Ng5 Ne4 16. Rfd1 Qc5 17. Qb3+ e6 18. Bxe4 fxe4 19. Nxe4 Qf5 20. Bxg7 Kxg7 21.
Qb2+ Kg8 22. Nxd6 Qxf2+ 23. Kh1 e5 24. Qb3+ Kg7 25. Rf1 Qd4 26. Rf7+ Rxf7 27.
Qxf7+ Kh6 28. Qf8+ Kh5 29. Nc2 Qb2 30. Qf6 g5 31. Ne4 h6 32. Qf7+ Kg4 33. Qf3+
Kh3 34. Nf2# 1-0

[Event "Monarch Assurance Isle of Man 14th"]
[Site "Port Erin IOM"]
[Date "2005.10.02"]
[Round "9.30"]
[White "Goletiani, Rusudan"]
[Black "Lohou, Stephane"]
[Result "1-0"]
[WhiteElo "2332"]
[BlackElo "2144"]
[PlyCount "47"]
[EventDate "2005.09.24"]
[EventType "swiss"]
[EventRounds "9"]
[EventCountry "IOM"]

1. Nf3 Nf6 2. b3 d5 3. Bb2 Bg4 4. e3 Nbd7 5. c4 e6 6. Be2 Bd6 7. h3 Bh5 8. g4
Bg6 9. g5 Ne4 10. h4 f6 11. d3 Nxf2 12. Kxf2 fxg5 13. Qg1 O-O 14. Qxg5 Nf6 15.
Nbd2 Be7 16. Qg2 Nh5 17. Qg4 dxc4 18. Nxc4 Qd5 19. Nce5 Bd6 20. Nxg6 hxg6 21.
Rhg1 Bc5 22. Qxg6 Rf5 23. Rg5 Raf8 24. Qxh5 1-0